| 000 | 00452nam a2200193Ia 4500 | ||
|---|---|---|---|
| 005 | 20250425161154.0 | ||
| 008 | 250425s9999 xx 000 0 und d | ||
| 020 | _a0201625237 | ||
| 041 | _aspa | ||
| 082 | _a005.79 | ||
| 100 | _aMARY, CAMPBELL | ||
| 245 | 0 | _aGUIA PARA WINDOWS 3.1 | |
| 250 | _a1A ED. | ||
| 260 |
_aEstados Unidos _bADDISON - WESLEY _c1993 |
||
| 260 | _aWILMINGTON | ||
| 650 | _aWINDOWS 3.1 | ||
| 942 | _c01 | ||
| 010 | _a14285 | ||
| 999 |
_c203831 _d203831 |
||